The micro-organisms of the human mouth : (Record no. 38695)
[ view plain ]
| 000 -LEADER | |
|---|---|
| fixed length control field | 01097cam9a220026500 4500 |
| 001 - CONTROL NUMBER | |
| control field | qce01686906 |
| 005 - DATE AND TIME OF LATEST TRANSACTION | |
| control field | 20190813161921.0 |
| 008 - FIXED-LENGTH DATA ELEMENTS--GENERAL INFORMATION | |
| fixed length control field | 740315r19731890sz a 001 0 eng |
| 010 ## - LIBRARY OF CONGRESS CONTROL NUMBER | |
| LC control number | 74157926 //r86 |
| 020 ## - INTERNATIONAL STANDARD BOOK NUMBER | |
| International Standard Book Number | 3805516142 |
| 035 ## - SYSTEM CONTROL NUMBER | |
| System control number | (Sirsi) r97435 |
| 035 ## - SYSTEM CONTROL NUMBER | |
| System control number | (QCAT)lss00501060 |
| 035 ## - SYSTEM CONTROL NUMBER | |
| System control number | (UPRA)qce01686906 |
| 040 ## - CATALOGING SOURCE | |
| Modifying agency | UPRA |
| 050 0# - LIBRARY OF CONGRESS CALL NUMBER | |
| Classification number | QR47 |
| Item number | .M65 1973 |
| 082 ## - DEWEY DECIMAL CLASSIFICATION NUMBER | |
| Classification number | 616.3/1/014 |
| 100 1# - MAIN ENTRY--PERSONAL NAME | |
| Personal name | Miller, W. D. (Willoughby Dayton), 1853-1907. |
| Fuller form of name | Miller, W. D. (Willoughby Dayton), 1853-1907. |
| Dates associated with a name | Miller, W. D. (Willoughby Dayton), 1853-1907. |
| Linkage | A56028.1 |
| 245 14 - TITLE STATEMENT | |
| Title | The micro-organisms of the human mouth : |
| Remainder of title | the local and general diseases which are caused by them / |
| Statement of responsibility, etc. | with an introductory essay by Klaus G. Konig. |
| 260 ## - PUBLICATION, DISTRIBUTION, ETC. | |
| Place of publication, distribution, etc. | Basel ; New York : |
| -- | Basel ; New York : |
| Name of publisher, distributor, etc. | S. Karger, |
| Date of publication, distribution, etc. | 1973. |
| 500 ## - GENERAL NOTE | |
| General note | Reprint of the 1890 ed. published by The S. S. White Dental Mfg. Co., Philadelphia. |
| 504 ## - BIBLIOGRAPHY, ETC. NOTE | |
| Bibliography, etc. note | Bibliography: p. xiii-xx. |
| 650 #0 - SUBJECT ADDED ENTRY--TOPICAL TERM | |
| Topical term or geographic name entry element | Mouth -- Microbiology. |
| General subdivision | Mouth -- Microbiology. |
| Linkage | S18933.1 |
| 949 ## - LOCAL PROCESSING INFORMATION (OCLC) | |
| a | QR47 |
| w | LC |
| i | -138369 |
| m | MEDICAL |
| t | BOOK |
| l | ON-SHELF |
| Withdrawn status | Lost status | Source of classification or shelving scheme | Damaged status | Not for loan | Home library | Current library | Shelving location | Total Checkouts | Full call number | Barcode | Date last seen | Copy number | Price effective from | Koha item type |
|---|---|---|---|---|---|---|---|---|---|---|---|---|---|---|
| Library of Congress Classification | Medical Library | Medical Library | On Shelf | QR47 | -138369 | 08/13/2019 | 1 | 08/13/2019 | Book |